| 000 | 00846cam a2200301 4500 | ||
|---|---|---|---|
| 001 | 7294 | ||
| 003 | BD-RjUL | ||
| 005 | 20211208234408.0 | ||
| 008 | 140113s1953 nyua 001 0 eng | ||
| 035 | _a(OCoLC)ocm00523573 | ||
| 035 | _a(BD-RjUL)7337 | ||
| 035 | _a(NNC)1542542 | ||
| 040 |
_aDLC _cWSU _dSER _dZCU _dBD-RjUL _beng |
||
| 041 | _aeng | ||
| 082 |
_a510 _bWHI 1953 |
||
| 100 | 1 |
_aWhitehead, Alfred North, _d1861-1947. _93429 |
|
| 245 | 1 | 3 |
_aAn introduction to mathematics / _cAlfred North Whitehead |
| 260 |
_aNew York : _bOxford University Press, _c1953 |
||
| 300 |
_av, 191 p. ; _c17 cm. |
||
| 490 | 1 | _aA Galaxy book, GB18 | |
| 504 | _aIncludes index. | ||
| 650 | 0 |
_aMathematics. _922775 |
|
| 830 | 0 |
_vGB18. _922784 |
|
| 830 | 0 |
_aGalaxy book ; _922785 |
|
| 942 |
_2ddc _cBK |
||
| 999 |
_c7294 _d7294 |
||